Gaming Quiz

Random Gaming Quiz

D&D 5e Dragon Colours Quiz Stats

 Plays Quiz not verified by Sporcle

Challenge
Share
Tweet
Embed
Score 0/10 Timer 02:00
0 Plays Today
Hint Answer % Correct
ChromaticBlack
100%
ChromaticBlue
100%
MetallicGold
100%
ChromaticGreen
100%
ChromaticRed
100%
MetallicSilver
100%
ChromaticWhite
95.5%
MetallicBronze
94%
MetallicCopper
86.6%
MetallicBrass
71.6%

You're not logged in!

Compare scores with friends on all Sporcle quizzes.
Join for Free
OR
Log In

You Might Also Like...

Show Comments

Extras

Created Apr 4, 2016ReportNominate
Tags:5th, dragon, edition

Top Quizzes Today


Score Distribution

Your Account Isn't Verified!

In order to create a playlist on Sporcle, you need to verify the email address you used during registration. Go to your Sporcle Settings to finish the process.

Report this User

Report this user for behavior that violates our Community Guidelines.

Details: